Štúdium radiačného poškodenia konštrukčných materiálov fúznych reaktorov s využitím pozitrónovej anihilačnej spektroskopie
Enregistré dans:
| Auteur principal: | |
|---|---|
| Autres auteurs: | , |
| Format: | Manuscrit Livre |
| Langue: | slovaque |
| Publié: |
Bratislava :
STU v Bratislave FEI,
2007
|
| Sujets: | |
| Tags: |
Pas de tags, Soyez le premier à ajouter un tag!
|
MARC
| LEADER | 00000ntm a22000003a 4500 | ||
|---|---|---|---|
| 001 | stu154911 | ||
| 005 | 20150617225947.4 | ||
| 008 | 080114s2007------------------------slo-d | ||
| 040 | |a STU |b slo | ||
| 041 | 0 | |a slo | |
| 100 | 1 | |a Sojak, Stanislav, |d 1984- |4 aut |u E060 |U FEI Fakulta elektrotechniky a informatiky |T FEI Ústav jadrového a fyzikálneho inžinierstva |X 11663 |U E060 |Y 817 |7 A000011663 | |
| 245 | 1 | |a Štúdium radiačného poškodenia konštrukčných materiálov fúznych reaktorov s využitím pozitrónovej anihilačnej spektroskopie | |
| 260 | |a Bratislava : |b STU v Bratislave FEI, |c 2007 | ||
| 300 | |a 71 s | ||
| 650 | 7 | |a Elektroenergetika |2 stusub | |
| 650 | 7 | |a radiačné poškodenie |2 stusub | |
| 650 | 7 | |a povrchové poškodenie |2 stusub | |
| 650 | 7 | |a jadrové reaktory |2 stusub | |
| 650 | 7 | |a spektroskopia |2 stusub | |
| 700 | 1 | |a Kršjak, Vladimír, |d 1981- |4 ths |X 1787 |7 A000001787 | |
| 700 | 1 | |a Slugeň, Vladimír, |d 1962- |4 ths |u E060 |U FEI Fakulta elektrotechniky a informatiky |T FEI Ústav jadrového a fyzikálneho inžinierstva |X 1909 |U E060 |Y 817 |7 A000001909 | |